HOW THE INTERNET WORKS (Record no. 214070)

MARC details
000 -LEADER
fixed length control field 00446nam a22001697a 4500
008 - FIXED-LENGTH DATA ELEMENTS--GENERAL INFORMATION
fixed length control field 241202b |||||||| |||| 00| 0 eng d
020 ## - INTERNATIONAL STANDARD BOOK NUMBER
International Standard Book Number 0-7897-3626-8
050 ## - LIBRARY OF CONGRESS CALL NUMBER
Classification number TK 5105 .875 .I57 .G72 2007
100 ## - MAIN ENTRY--PERSONAL NAME
Personal name PRESTON GRELLA
245 ## - TITLE STATEMENT
Title HOW THE INTERNET WORKS
250 ## - EDITION STATEMENT
Edition statement EIGHT EDITION
260 ## - PUBLICATION, DISTRIBUTION, ETC.
Place of publication, distribution, etc. INDIANAPOLIS
Name of publisher, distributor, etc. QUE PUBLISHING
Date of publication, distribution, etc. 2007
300 ## - PHYSICAL DESCRIPTION
Extent XIII,416P.
500 ## - GENERAL NOTE
General note INCLUDES INDEX
942 ## - ADDED ENTRY ELEMENTS (KOHA)
Source of classification or shelving scheme Dewey Decimal Classification
Koha item type Long Loan Book
Holdings
Withdrawn status Lost status Source of classification or shelving scheme Damaged status Not for loan Collection Home library Current library Shelving location Date acquired Inventory number Total checkouts Total renewals Full call number Barcode Date last seen Date last checked out Copy number Price effective from Koha item type
    Library of Congress Classification     Science & Technology Kisii University Library Kisii University Library On Display 12/02/2024 105690 1 1 TK 5105 .875 .I57 .G72 2007 000000017355 11/05/2025 10/08/2025 C.1 12/02/2024 Long Loan Book